000 01018nam a22003017a 4500
003 CHAP
005 20220329134202.0
008 971013s1978 r 00010 d
010 _a16665
011 _a17637
035 _a21720
040 _cCHAP
082 _a634.9
_bH6
100 0 0 _aHowes, Keith Malcom William
_eed.
_956510
245 _aIntegrating agriculture and forestry
260 _aPerth, Australia :
_bCommonwealth Scientific and Industrial Research Organization. Division of Land Resources Management,
_c1978
300 _a238 p.
_b: mapas ; gráfs.
590 _aBATCH-UPD
_b10
_c20130110
_lUCH01
_h1731
590 _aBATCH-UPD
_b10
_c20130410
_lUCH01
_h1112
590 _aBATCH-UPD
_b10
_c20130913
_lUCH01
_h2205
590 _aCONVERSION
_b10
_c20130109
_lUCH01
_h1310
650 1 4 _aAgroforestería.
_92156
650 1 4 _aBosques
_xAustralia.
_914091
700 0 _aRummery, Robert Anthony
_eed.
_9100852
901 _aBK
942 _cLIBRO
949 _a634.9 H6
_bBC
_cLIBRO
_d-50463
_eLIBRO
_h48359
_i21720
_si
999 _c16665
_d16665